Nostalgia / (Record no. 33521)
[ view plain ]
| 000 -LEADER | |
|---|---|
| fixed length control field | 00887nam a2200181 4500 |
| 008 - FIXED-LENGTH DATA ELEMENTS--GENERAL INFORMATION | |
| fixed length control field | 081008s2008 ph a 000 0 eng |
| 020 ## - INTERNATIONAL STANDARD BOOK NUMBER | |
| International Standard Book Number | 9789715064637 (v. 1) :Php365.00/gift :Eugene & Anita Choi |
| 090 ## - LOCALLY ASSIGNED LC-TYPE CALL NUMBER (OCLC); LOCAL CALL NUMBER (OCLC) | |
| Classification number (OCLC) (R) ; Classification number, CALL (RLIN) (NR) | DS663 |
| Local cutter number (OCLC) ; Book number/undivided call number, CALL (RLIN) | T73n |
| -- | v.I |
| -- | c.2 |
| 100 1# - MAIN ENTRY--PERSONAL NAME | |
| Personal name | Trinidad, Chona. |
| 245 10 - TITLE STATEMENT | |
| Title | Nostalgia / |
| Statement of responsibility, etc | [Chona S. Trinidad]. |
| 260 ## - PUBLICATION, DISTRIBUTION, ETC. (IMPRINT) | |
| Place of publication, distribution, etc | Manila, Philippines : |
| Name of publisher, distributor, etc | UST Pub. House, |
| Date of publication, distribution, etc | 2008. |
| 300 ## - PHYSICAL DESCRIPTION | |
| Extent | 3 v. : |
| Other physical details | ill. ; |
| Dimensions | 24 cm. |
| 505 0# - FORMATTED CONTENTS NOTE | |
| Formatted contents note | v. 1. The way we were, a recollection on Filipino social practices and traditions -- v. 2. In the kitchen, a recollection of old restaurants, endangered recipes and kitchen gadgets-- v. 3. Remembering the streets of Manila, memories of Quiapo and other journeys. |
| 650 #4 - SUBJECT ADDED ENTRY--TOPICAL TERM | |
| Topical term or geographic name as entry element | Culture |
| Geographic subdivision | Philippines. |
| 651 #4 - SUBJECT ADDED ENTRY--GEOGRAPHIC NAME | |
| Geographic name | Philippines |
| General subdivision | Social life and customs. |
| 951 ## - EQUIVALENCE OR CROSS-REFERENCE-GEOGRAPHIC NAME/AREA NAME [OBSOLETE] [CAN/MARC only] | |
| General subdivision | 00037950 |
| 951 ## - EQUIVALENCE OR CROSS-REFERENCE-GEOGRAPHIC NAME/AREA NAME [OBSOLETE] [CAN/MARC only] | |
| -- | 33101 |
| -- | FILDS663/T73n/v.I/c.2 |
| -- | 090720113227054 |
| -- | 2000-12-21 |
| -- | FIL |
| Withdrawn status | Lost status | Damaged status | Not for loan | Home library | Current library | Shelving location | Date acquired | Accession number | Shelving control number | Total Checkouts | Full call number | Barcode | Date last seen | Price effective from | Koha item type |
|---|---|---|---|---|---|---|---|---|---|---|---|---|---|---|---|
| BSOP Library | BSOP Library | Filipiniana | 12/21/2000 | 33101 | 127 | FILDS663/T73n/v.I/c.2 | 00037950 | 02/23/2013 | 02/23/2013 | Books |
